[Event "Olympiad Women 2024"]
[Site "Budapest HUN"]
[Date "2024.09.13"]
[Round "3.37"]
[Board "4"]
[White "Mimic, Sofija"]
[Black "Kim, Sarang"]
[Result "0-1"]
[WhiteElo "1809"]
[BlackElo "1732"]
[PlyCount "84"]
[EventDate "2024.09.11"]
[WhiteTeam "Bosnia & Herzegovina"]
[BlackTeam "South Korea"]
[WhiteTeamCountry "BIH"]

1. e4 {Meyer,Claus Dieter} e6 2. d4 d5 3. Nc3 Bb4 4. e5 c5 5. Bd2 cxd4 ({RR} 5... Ne7 6. Nb5 Bxd2+ 7. Qxd2) 6. Nb5 Bc5 ({RR} 6... Bf8 7. Nxd4 Nc6 8. Ngf3 Nge7 9. Bd3 Nxd4 10. Nxd4 Nc6 11. Nf3 Qc7 12. Qe2 Bc5 13. c3) 7. b4 ({RR} 7. Qg4) 7... Be7 ({RR} 7... Bf8 8. Nxd4 Ne7 9. Ngf3 Nec6 ({RR} 9... Nbc6 10. Bd3 Ng6 ({RR} 10... Nxd4 11. Nxd4 Nc6 12. Nxc6 bxc6 13. O-O) 11. Nxc6 bxc6 12. O-O) 10. a3 Nd7 ({RR} 10... Nxd4 11. Nxd4 Nc6) 11. Nxc6 bxc6 12. c4 Be7 13. cxd5 cxd5 14. Bd3 a5 15. O-O O-O 16. Re1 ({RR} 16. b5) ({RR} 16. Qc2) 16... axb4 17. axb4 Bb7 18. Rxa8 Bxa8 ({RR} 18... Qxa8 19. Ng5 ({RR} 19. Qb1 h6 20. Qb2 Nb6 21. Ra1 ({RR} 21. Qd4 Nc4) 21... Qb8 22. Qd4 Nc4) 19... Bxg5 ({RR} 19... h6 20. Bh7+ Kh8 21. Bb1 Bxg5 ({RR} 21... Kg8 22. Qc2 g6 23. Nxf7) 22. Bxg5) ({RR} 19... g6 20. Nxh7 Kxh7 21. Qh5+ Kg7 22. Qh6+ Kg8 23. Bxg6 fxg6 24. Qxg6+ Kh8 25. Qxe6 d4 ({RR} 25... Qd8 26. Qh6+ Kg8 27. Qg6+ Kh8 28. Re3) 26. Qh6+ Kg8 27. Qg6+ Kh8 28. Qh5+ Kg8 29. Qg4+ Kh8 30. Qh3+ Kg8 31. Bh6) 20. Bxg5) 19. Qc2 h6 20. Rc1 Nb6 21. Nd4 Qb8 ({RR} 21... Nd7 22. Qc7 ({RR} 22. f4 Qb6 23. Qc3 ({RR} 23. Qb2 Nc5) 23... Bb7 24. Rb1 Rc8 25. Qb2) 22... Qxc7 23. Rxc7 Nxe5 24. Rxe7 Nxd3 25. f4 Rb8 ({RR} 25... g5 26. fxg5 e5 27. Nf3 hxg5 28. Nxe5 Nxe5 29. Rxe5 f6 30. Re7 d4 31. Rd7 Re8 32. Rxd4 Re2 33. Rd8+ Kg7 34. Rxa8 Rxd2 35. b5 Rb2 36. Rb8) 26. b5 g5 27. fxg5 e5 28. Nf5 hxg5 29. Bxg5 d4 30. h4) ({RR} 21... Nc4 22. Bxc4 dxc4 23. Qxc4 Qb6 24. b5 ({RR} 24. Nc6 Qxc6 25. Qxc6 Bxc6 26. Rxc6 Rd8 27. Rc2 Bxb4) ({RR} 24. Nf3 Rd8 25. Qc7 Qxc7 26. Rxc7 Bxf3 27. gxf3 Rxd2 28. Rxe7 Rd5) 24... Ba3 25. Rb1 ({RR} 25. Bb4 Bd5 26. Qc3 Bxc1 27. Bxf8 Kxf8 28. Qxc1 Qxd4 29. Qc8+) ({RR} 25. Rc3 Bd5 26. Qd3 Bb2) 25... Bd5 26. Qc3 Bc5 27. Be3 Ba2 28. Rb2 Rd8 29. Rxa2 Bxd4 30. Bxd4 Rxd4 31. h3 Rd1+ 32. Kh2 Qxb5 33. Ra8+ Kh7 34. Qc2+ ({RR} 34. Qc7 Rd7) 34... Qd3) 22. Qc7 {1-0 Hracek,Z (2636)-Nikolic,P (2620) Bundesliga 1314 2013 (1.4)} {RR} Re8 23. b5 Ba3 24. Qxb8 Rxb8 25. Rc2 Nc4 ({RR} 25... Rc8 26. Nc6 Kf8 27. Be3) 26. Bxc4 dxc4 27. Rxc4 Bd5 28. Rc7) 8. Qg4 g6 ({RR} 8... Kf8 9. Nxd4 Nc6 10. Nxc6 bxc6 11. Bd3 Nh6 12. Qh3 Nf5 13. Ne2 Qb6 14. O-O Ba6 15. Nf4 Bxd3 16. Nxd3 h5 17. a4 g5 18. g4 Nd4 19. Be3 Ne2+ 20. Kh1 d4 21. Qf3 hxg4 22. Qxe2 dxe3 23. Qxg4 {½-½ Hong,M (1622)-Yan,Z (1390) Chinese Youth U14 2024 (9.16)}) 9. Qxd4 $146 ({RR} 9. Nf3 Nc6 10. a3 a6 11. Nbxd4 Qc7 12. Bf4 Nxd4 13. Nxd4 Qc3+ 14. Bd2 Qxa1+ 15. Ke2 Qxa3 {0-1 Krueger,A-Haversick,A Schleswig Holstein-ch 47th 1992}) ({RR} 9. Nf3 Nc6 10. a3 h5 11. Qg3 Qb6 12. Bg5 Bf8 13. Bd3 Bd7 14. O-O Nxb4 15. Nd6+ Bxd6 16. exd6 Nxd3 17. cxd3 Nh6 18. Rab1 Qa6 19. Qe5 Rh7 20. Be7 Ng4 21. Qxd4 f6 22. h3 Qc6 23. Rfc1 e5 {1-0 Alvarez Gamez,I (2025)-Otero Martinez,D (1960) COL-ch blitz 2015 (17)}) 9... Nc6 10. Qb2 a6 11. Na3 Nxe5 12. f4 Nd7 13. Qxh8 Ndf6 14. Bc3 Kf8 15. Nf3 Qb6 16. O-O-O a5 17. Ng5 Qe3+ 18. Kb1 Qxc3 19. Nxh7+ Ke8 20. Bb5+ Bd7 21. Rd3 Qxb4+ 22. Rb3 Qd4 23. Bxd7+ Kxd7 24. Rxb7+ Kc6 25. Rc7+ Kb6 26. Rxe7 Qb4+ 27. Ka1 Qc3+ 28. Kb1 Rb8 29. Nxf6 Ka6+ 30. Kc1 Qxa3+ 31. Kd2 Qb4+ 32. Ke2 Nxe7 33. Qg7 Nc6 34. Qxf7 Nd4+ 35. Kf2 Qd2+ 36. Kg3 Qe3+ 37. Kg4 Qe2+ 38. Kh3 Rh8+ 39. Nh7 Qh5+ 40. Kg3 Rc8 41. Ng5 Nf5+ 42. Kf2 Rxc2+ 0-1

[Event "Olympiad Women 2024"]
[Site "Budapest HUN"]
[Date "2024.09.13"]
[Round "3.38"]
[Board "1"]
[White "Stojkovska, Monika"]
[Black "Viana, Valeria"]
[Result "1-0"]
[WhiteElo "2043"]
[BlackElo "1882"]
[PlyCount "97"]
[EventDate "2024.09.11"]
[WhiteTeam "North Macedonia"]
[BlackTeam "Honduras"]
[BlackTeamCountry "HON"]

1. e4 c6 2. d4 d5 3. e5 c5 4. Nf3 cxd4 5. Nxd4 Nc6 6. Nxc6 bxc6 7. Bd3 e6 8. O-O Ne7 9. Re1 ({RR} 9. c4 Ng6 10. Qe2 Be7 11. f4 O-O 12. Nd2 a5 13. Nf3 Ba6 14. Be3 a4 15. Rac1 Qb8 16. Rc2 Rd8 17. Rfc1 c5 18. h4 Nf8 19. cxd5 Bxd3 20. Qxd3 Rxd5 21. Qe4 Nd7 22. h5 Ra7 23. Nd2 Ra6 {1-0 Karjakin,S (2727)-Short,N (2655) Kiev m rap rapid 2008 (1)}) 9... Ng6 10. c3 a5 11. Bc2 $146 ({RR} 11. Qa4 Bd7 12. Nd2 Bc5 13. Nf3 Qb6 14. Re2 Be7 15. h4 h5 16. Bxg6 fxg6 17. Bg5 Bxg5 18. Nxg5 O-O 19. Rf1 Qb5 20. Qxb5 cxb5 21. f4 Rfc8 22. Rd1 b4 23. cxb4 axb4 24. b3 Ra6 25. Rd4 Rb6 {1-0 Shuvalova,P (2456)-Gunina,V (2437) Swiss Queens Wed #16 2024 (5.184)}) ({RR} 11. Nd2 Bc5 12. Nf3 Bb6 13. Qa4 O-O 14. Qxc6 Bd7 15. Qd6 Bc7 16. Qc5 Bb6 17. Qa3 f6 18. Bxg6 hxg6 19. Be3 g5 20. Bxb6 Qxb6 21. h3 Rf7 22. Re3 Rb8 23. b3 a4 24. Nd4 f5 25. bxa4 f4 {1-0 Karjakin,S (2750)-Gunina,V (2435) Chess Stars 4.0 Blitz 2024 (11.2)}) 11... Be7 12. Qg4 Qc7 13. Nd2 Bd7 14. Nf3 O-O-O 15. b4 f5 16. Qd4 c5 17. bxc5 Qxc5 18. Bd3 Qxd4 19. cxd4 Bb4 20. Bd2 Bxd2 21. Nxd2 Ba4 22. Nb3 Bxb3 23. axb3 Kb7 24. Rxa5 Rc8 25. Ba6+ Kb6 26. Bxc8 Kxa5 27. Bxe6 Ne7 28. Rc1 Kb6 29. Bd7 Ra8 30. Ba4 g5 31. Kf1 h5 32. Ke2 Rf8 33. Kd3 f4 34. Bd7 Ra8 35. Ba4 Rf8 36. Rc5 Rd8 37. Kc3 g4 38. Rb5+ Ka6 39. Kb4 h4 40. Ra5+ Kb6 41. Bb5 Nf5 42. Ra6+ Kb7 43. Kc5 g3 44. fxg3 h3 45. gxh3 f3 46. Rf6 Rc8+ 47. Kxd5 Rd8+ 48. Ke4 Nxd4 49. Bc4 1-0

[Event "Olympiad Women 2024"]
[Site "Budapest HUN"]
[Date "2024.09.13"]
[Round "3.38"]
[Board "2"]
[White "Torres Hernandez, Leslie Carolin"]
[Black "Manova, Ivana"]
[Result "1/2-1/2"]
[WhiteElo "1891"]
[BlackElo "2031"]
[PlyCount "118"]
[EventDate "2024.09.11"]
[WhiteTeam "Honduras"]
[BlackTeam "North Macedonia"]
[WhiteTeamCountry "HON"]

1. e4 e5 2. Nf3 Nc6 3. Bb5 a6 4. Ba4 Nf6 5. O-O Be7 6. d3 b5 7. Bb3 d6 8. h3 Na5 9. Re1 O-O 10. Nbd2 Nxb3 ({RR} 10... Re8 11. Nf1 h6 12. c3 Nxb3 13. axb3 Bf8 14. Ng3 c6 15. d4 Qc7 16. Bd2 Bd7 17. Qc2 c5 18. d5 a5 19. c4 Reb8 20. cxb5 Rxb5 21. Bc3 Be7 22. Nd2 Ne8 23. Nc4 Bd8 24. Nf1 Ra6 25. Ra3 {0-1 Chirila,I (2531)-Friedel,J (2518) USA tt ICC INT 2011 (8)}) 11. axb3 c5 12. Nf1 Re8 ({RR} 12... h6 13. Ne3 Be6 14. Bd2 Nh7 15. Qe2 f5 16. exf5 Bxf5 17. Nxf5 Rxf5 18. Qe4 Rf7 19. Ra2 Qc8 20. Rea1 Nf6 21. Qg6 Nd5 22. c4 bxc4 23. bxc4 Nf4 24. Bxf4 Rxf4 25. Nd2 Rf6 26. Qe4 Kh8 27. Qd5 {1-0 Liu,X (2377)-Tologontegin,S (2394) Titled Tue 6th Dec Early 2022 (9)}) 13. c4 $146 ({RR} 13. Bd2 Bf8 14. Bg5 h6 15. Be3 Bb7 16. Ng3 d5 17. exd5 Qxd5 18. Qd2 Rad8 19. Qc3 Qe6 20. Nd2 Nd5 21. Qa5 Qc6 22. f3 Nxe3 23. Rxe3 c4 24. b4 cxd3 25. cxd3 Qc2 26. Nde4 Qxb2 27. Nc5 Qd4 {0-1 Peker,S (1679)-Zeytinoglu,N (1928) TUR-ch Kemer 2011 (8)}) ({RR} 13. Ng3 g6 14. Nh2 Qc7 15. Qe2 Bf8 16. c4 Bb7 17. Bg5 Bg7 18. Qd2 Rf8 19. f4 exf4 20. Qxf4 Nd7 21. Ng4 Bxb2 22. Nh6+ Kg7 23. Be7 Bxa1 24. Rxa1 Rae8 25. Nh5+ gxh5 26. Qg5+ Kh8 27. Bf6+ Nxf6 {1-0 Krokay,U (1945)-Pajeken,J (1746) Berlin Spring op-A 2014 (3)}) 13... Bd7 14. Ne3 g6 15. g4 h6 16. Nh2 Bc6 17. Qf3 Nh7 18. Ng2 Bg5 19. Qg3 Qf6 20. h4 Bxc1 21. Raxc1 a5 22. Rc2 a4 23. bxa4 Rxa4 24. Qe3 Kg7 25. Rf1 Rea8 26. f4 exf4 27. Rxf4 Ra1+ 28. Nf1 Qe5 29. Rcf2 R8a7 30. Qf3 Qe6 31. Nge3 bxc4 32. dxc4 R1a4 33. Nd2 Rb4 34. b3 Re7 35. Nd5 Bxd5 36. exd5 Qe1+ 37. Kg2 Rbb7 38. Ne4 Rbd7 39. Nxd6 f6 40. Ne4 g5 41. hxg5 hxg5 42. Rxf6 Qxe4 43. Rc6 Qe5 44. Qd3 Qe4+ 45. Qxe4 Rxe4 46. Kg3 Re3+ 47. Rf3 Rxf3+ 48. Kxf3 Nf6 49. Rxc5 Rb7 50. Rb5 Rxb5 51. cxb5 Nxd5 52. Ke4 Nc3+ 53. Kf5 Nxb5 54. Kxg5 Nd4 55. b4 Nb5 56. Kf5 Nd4+ 57. Ke4 Nb5 58. Kd5 Kg6 59. Kc4 Na3+ 1/2-1/2

[Event "Olympiad Women 2024"]
[Site "Budapest HUN"]
[Date "2024.09.13"]
[Round "3.38"]
[Board "3"]
[White "Zhezhovska, Monika"]
[Black "Cruz, Bitia"]
[Result "1-0"]
[WhiteElo "2106"]
[BlackElo "1736"]
[PlyCount "57"]
[EventDate "2024.09.11"]
[WhiteTeam "North Macedonia"]
[BlackTeam "Honduras"]
[BlackTeamCountry "HON"]

1. d4 d5 2. c4 c6 3. Nc3 Nf6 4. Nf3 e6 5. Bg5 Nbd7 6. e3 Be7 7. Qc2 dxc4 8. Bxc4 b5 9. Bd3 ({RR} 9. Be2 Bb7 10. O-O h6 11. Bh4 O-O 12. Rfd1 Rc8 13. Rac1 b4 14. Na4 Qa5 15. Nc5 Nxc5 16. dxc5 Rfd8 17. Nd4 Rd5 18. Nb3 Qa4 19. e4 Rdd8 20. Bg3 Ba6 21. Bf3 Qb5 22. Nd4 Qa5 23. Nb3 Qb5 {½-½ Rathnayaka,M (1264)-Weerasekara,D (1776) CFSL Golden Jubilee Open 2022 (9.13)}) 9... b4 ({RR} 9... Bb7 10. O-O h6 11. Bxf6 Nxf6 12. Ne4 O-O 13. Nc5 Qb6 14. Ne5 Bxc5 15. dxc5 Qc7 16. f4 a5 17. a3 Rad8 18. Rfd1 Nd5 19. Qf2 Qe7 20. e4 Nf6 21. b4 axb4 22. axb4 Ra8 23. h3 Rfd8 24. Bc2 {1-0 Girya,O (2416)-Pratyusha,B (2328) Motiva Online Blitz (Women) 2021 (4)}) 10. Ne4 Bb7 11. Rc1 $146 ({RR} 11. O-O Rc8 12. Bxf6 gxf6 13. Nc5 Nxc5 14. dxc5 Bxc5 15. Qxc5 Qxd3 16. Qxa7 Qb5 17. Nd4 Qa6 18. Qc5 Rg8 19. g3 Rg5 20. Qxb4 c5 21. Qb5+ Ke7 22. Qxa6 Bxa6 23. Nf3 Rf5 24. Nh4 Rd5 25. Rfd1 Rcd8 {1-0 Paschall,W (2321)-Gasis,J USA-chT Amateur East 1999 (3)}) 11... Rc8 12. Bxf6 Nxf6 13. Nc5 Qb6 14. Ne5 Ba8 15. O-O h6 16. Bg6 Bxc5 17. Bxf7+ Ke7 18. dxc5 Qc7 19. f4 h5 20. Qc4 Nd5 21. e4 Nxf4 22. Ng6+ Kxf7 23. Nxf4 Qd7 24. Rcd1 Qe8 25. Nxe6+ Kg6 26. Rd6 Qe7 27. Nf8+ Kg5 28. Rg6+ Kh4 29. e5# 1-0

[Event "Olympiad Women 2024"]
[Site "Budapest HUN"]
[Date "2024.09.13"]
[Round "3.38"]
[Board "4"]
[White "Oseguera, Suhey"]
[Black "Eftovska, Lea"]
[Result "0-1"]
[WhiteElo "1590"]
[BlackElo "1839"]
[PlyCount "82"]
[EventDate "2024.09.11"]
[WhiteTeam "Honduras"]
[BlackTeam "North Macedonia"]
[WhiteTeamCountry "HON"]

1. e4 e5 2. Nf3 Nc6 3. Nc3 Nf6 4. Bb5 Bb4 5. O-O Bxc3 6. Bxc6 bxc6 7. bxc3 d6 8. d3 O-O 9. Rb1 ({RR} 9. Re1 c5 10. d4 cxd4 11. cxd4 exd4 12. Nxd4 Re8 13. Bg5 h6 14. Bh4 g5 15. Bg3 Rxe4 16. Qd3 Rxe1+ 17. Rxe1 Bd7 18. h4 Rb8 19. hxg5 hxg5 20. Qa3 Nd5 21. Qxa7 Nb6 22. Qa3 Qf6 23. c3 Kg7 {½-½ Firouzja,A (2728)-Martirosyan,H (2617) Titled Tuesday intern op 23rd June blitz 2020 (10)}) 9... h6 10. h3 Re8 ({RR} 10... Be6 11. Be3 Bxa2 12. Ra1 Be6 13. Rxa7 Rxa7 14. Bxa7 Qa8 15. Be3 Rb8 16. Qa1 Qb7 17. Nd2 Qb2 18. Rc1 d5 19. exd5 Nxd5 20. c4 Nc3 21. Nb3 Qxa1 22. Rxa1 e4 23. Bd2 Ne2+ 24. Kf1 exd3 25. cxd3 {½-½ Smieszek,W (2088)-Piddubna,B (2155) Abu Dhabi Masters Online 2024 (11)}) 11. Nh2 $146 ({RR} 11. c4 c5 12. Rb3 a5 13. Bd2 a4 14. Rb2 Nh7 15. Qe2 f5 16. Rfb1 fxe4 17. Qxe4 Bd7 18. Rb7 Nf6 19. Qg6 Re6 20. Qg3 Bc6 21. Nh4 Bxb7 22. Rxb7 Ne8 23. Nf5 Kf8 24. Qg4 Rf6 25. Ne3 Qc8 {0-1 Kalogeris,I (2368)-Bologan,V (2574) Titled Tuesday intern op 07th Dec blitz 2021 (10)}) 11... d5 12. f3 Ba6 13. Qe1 Nh5 14. Ng4 Qe7 15. Kh2 Rad8 16. Ne3 Bc8 17. g4 Nf4 18. Rg1 g5 19. Nf5 Bxf5 20. gxf5 f6 21. Bxf4 exf4 22. Qh4 Kh7 23. Qh5 Rg8 24. Rb7 Rg7 25. h4 dxe4 26. fxe4 Rdg8 27. hxg5 fxg5 28. Rxa7 g4 29. Rh1 Rg5 30. Qh4 h5 31. Kg2 f3+ 32. Kf1 g3 33. Rg1 g2+ 34. Kf2 Qc5+ 35. d4 Qxa7 36. Kxf3 Qa5 37. f6 Qxc3+ 38. Kf4 Rg4+ 39. Qxg4 Rxg4+ 40. Kf5 Qf3+ 41. Ke5 Qxe4# 0-1

[Event "Olympiad Women 2024"]
[Site "Budapest HUN"]
[Date "2024.09.13"]
[Round "3.39"]
[Board "1"]
[White "Ravelomanana, Sabine"]
[Black "Dornbusch, Tatiana"]
[Result "1/2-1/2"]
[WhiteElo "1926"]
[BlackElo "2212"]
[PlyCount "84"]
[EventDate "2024.09.11"]
[WhiteTeam "Madagascar"]
[BlackTeam "Monaco"]
[WhiteTeamCountry "MAD"]
[BlackTeamCountry "MNC"]

1. e4 e5 2. Nf3 Nc6 3. Bc4 Nf6 4. d3 Be7 5. O-O O-O 6. Re1 d6 7. a4 Be6 8. Nbd2 Qd7 9. a5 a6 10. c3 Rae8 11. Qb3 Nd8 12. d4 exd4 13. Nxd4 d5 14. exd5 Bxd5 15. Bxd5 $146 ({RR} 15. Nf1 Bxc4 16. Qxc4 Nd5 17. Ng3 c6 18. Ndf5 Bf6 19. Bd2 Re5 20. Rxe5 Bxe5 21. Re1 Re8 22. Qg4 Qe6 23. f4 Nxf4 24. Bxf4 Bd4+ 25. Be3 Bf6 26. Bf2 {1-0 Eckhardt,T (2095)-Krzesinski,P (2026) Hessenliga 1516 2015 (3.7)}) 15... Nxd5 16. N2f3 Bd6 17. Kf1 Rxe1+ 18. Kxe1 Re8+ 19. Kf1 Nf6 20. Bg5 Ne4 21. Bxd8 Nc5 22. Qc2 Qxd8 23. Rd1 Qf6 24. Qf5 Qxf5 25. Nxf5 Bf8 26. b4 Ne4 27. Rd7 g6 28. Ne3 Nxc3 29. Rxc7 Bxb4 30. Rxb7 Bxa5 31. Nc4 Bd8 32. Ra7 a5 33. Nxa5 Bb6 34. Ra6 Bc5 35. Nb3 Bf8 36. Rc6 Ne4 37. h3 Ra8 38. Rc2 Bg7 39. g3 h6 40. Kg2 Rb8 41. Nbd2 Nc3 42. Nc4 Re8 1/2-1/2

[Event "Olympiad Women 2024"]
[Site "Budapest HUN"]
[Date "2024.09.13"]
[Round "3.39"]
[Board "2"]
[White "Zvereva, Marija"]
[Black "Raharimanana, Faratiana"]
[Result "1-0"]
[WhiteElo "2035"]
[BlackElo "1815"]
[PlyCount "79"]
[EventDate "2024.09.11"]
[WhiteTeam "Monaco"]
[BlackTeam "Madagascar"]
[WhiteTeamCountry "MNC"]
[BlackTeamCountry "MAD"]

1. e4 c5 2. Nf3 Nc6 3. g3 g6 4. Bg2 Bg7 5. O-O Nf6 6. Re1 O-O 7. c3 e5 8. d4 cxd4 9. cxd4 d6 ({RR} 9... exd4 10. Nxd4 Qb6 11. Nb3 d5 12. Be3 d4 13. Nxd4 Qxb2 14. Nb3 Ng4 15. N1d2 Nxe3 16. Rxe3 Be6 17. Qc1 Rfd8 18. Qxb2 Bxb2 19. Rb1 Bg7 20. Nf3 b6 21. Ng5 Bc4 22. e5 Rac8 23. e6 fxe6 24. Nxe6 {½-½ Feuerstack,A (2467)-Mikaelyan,A (2519) Titled Tue 23rd Jan Early 2024 (6)}) 10. h3 h6 $146 ({RR} 10... exd4 11. Nxd4 Nxd4 12. Qxd4 Be6 13. Qb4 a5 14. Qxb7 Rb8 15. Qa6 d5 16. Nc3 Nxe4 17. Nxe4 dxe4 18. Bxe4 Bxh3 19. Rb1 Rb4 20. Qc6 Rxe4 21. Rxe4 Qd1+ 22. Kh2 Bf5 23. g4 Bxe4 24. Qxe4 Qf1 25. Be3 {0-1 Terry,R (2520)-Annaberdiev,M (2504) Titled Tue 6th Jun Late 2023 (3)}) ({RR} 10... exd4 11. Nxd4 Nxd4 12. Qxd4 Be6 13. Nc3 Nd5 14. Qd3 Nxc3 15. bxc3 Qc8 16. Bb2 Bxh3 17. Qxd6 Bxg2 18. Kxg2 Rd8 19. Qf4 Qe6 20. e5 Rac8 21. Re4 b5 22. a4 Rd5 23. Qe3 Rxe5 24. Rxe5 Bxe5 25. axb5 {½-½ Michalik,P (2584)-Beck,H (2313) AUT-chT2O 1314 2013 (9.2)}) 11. Nc3 Re8 12. Be3 b6 13. Rc1 a6 14. dxe5 dxe5 15. Qxd8 Nxd8 16. Na4 Bb7 17. Nxb6 Rb8 18. Nd2 Ne6 19. Nbc4 Ng5 20. Nd6 Red8 21. Nxb7 Rxb7 22. f4 Ngh7 23. Nc4 exf4 24. gxf4 Nd7 25. e5 Rbb8 26. b3 Nhf8 27. Na5 Re8 28. Nc6 Rb5 29. Bf1 Rb6 30. Bxb6 Nxb6 31. Bxa6 Ra8 32. Nb4 Ne6 33. Rc6 Nd7 34. Rc8+ Rxc8 35. Bxc8 Ndc5 36. Bxe6 Nxe6 37. Nd5 Bf8 38. b4 Nd4 39. Kf2 Nc2 40. Rc1 1-0

[Event "Olympiad Women 2024"]
[Site "Budapest HUN"]
[Date "2024.09.13"]
[Round "3.39"]
[Board "3"]
[White "Randriatsiferana, Dimbiharentsoa Christiana"]
[Black "Berezovsky, Fiorina"]
[Result "0-1"]
[WhiteElo "1736"]
[BlackElo "1976"]
[PlyCount "64"]
[EventDate "2024.09.11"]
[WhiteTeam "Madagascar"]
[BlackTeam "Monaco"]
[WhiteTeamCountry "MAD"]
[BlackTeamCountry "MNC"]

1. e4 c5 2. Nc3 Nc6 3. g3 g6 4. Bg2 Bg7 5. Nge2 Nf6 6. O-O d6 7. d3 O-O 8. f4 a6 ({RR} 8... Rb8 9. a4 a6 10. h3 Bd7 11. g4 b5 12. axb5 axb5 13. Ng3 b4 14. Nb1 Nd4 15. Nd2 b3 16. Nxb3 Nxb3 17. cxb3 Be6 18. Ra3 Qb6 19. Kh1 Bxb3 20. Qe2 Qb5 21. Bd2 Ra8 22. Rxa8 Rxa8 23. Bc3 {0-1 Starostits,I (2474)-Van Wely,L (2655) Liepajas Rokade rapid 2005 (9)}) 9. a4 Qc7 ({RR} 9... Rb8 10. h3 Bd7 11. g4 Ne8 12. f5 b5 13. axb5 axb5 14. g5 Be5 15. Bf4 Nc7 16. Bxe5 Nxe5 17. Nf4 b4 18. Ncd5 Nxd5 19. Nxd5 Bc6 20. f6 Bxd5 21. exd5 exf6 22. gxf6 Nd7 23. Qf3 Kh8 24. Qf4 {1-0 Larina,M (1948)-Tworuszka,M (2260) Titled Tue 10th Jan Early 2023 (3)}) 10. h3 Nd4 $146 ({RR} 10... e6 11. g4 Rb8 12. Ng3 b5 13. g5 Nd7 14. axb5 axb5 15. f5 Bd4+ 16. Kh2 b4 17. Nce2 exf5 18. exf5 Bh8 19. Nf4 Bb7 20. Nd5 Qd8 21. f6 Re8 22. h4 Nde5 23. Bf4 Bc8 24. Ne4 Kf8 25. Ng3 {½-½ Muller,J-Hampfler,B Spree op Berlin 1997 (7)}) ({RR} 10... e6 11. g4 Ne7 12. Ng3 Bd7 13. f5 d5 14. Qe1 Bc6 15. e5 gxf5 16. exf6 Bxf6 17. Nh5 Be5 18. Qh4 Kh8 19. Nf6 {1-0 Oster,K (1659)-Nahler,M (1726) Unterfranken-ch HT 54th 2003 (5)}) 11. g4 e6 12. Ng3 Rb8 13. Be3 b5 14. h4 b4 15. g5 bxc3 16. bxc3 Nc6 17. gxf6 Bxf6 18. h5 Bxc3 19. hxg6 fxg6 20. Rb1 Rb4 21. Rxb4 Nxb4 22. Qb1 d5 23. Ne2 d4 24. Bxd4 cxd4 25. Nxc3 Qxc3 26. Rf2 e5 27. f5 gxf5 28. Bh3 f4 29. Bxc8 Rxc8 30. Qd1 Rc7 31. Qh5 Qe1+ 32. Kg2 Rg7+ 0-1

[Event "Olympiad Women 2024"]
[Site "Budapest HUN"]
[Date "2024.09.13"]
[Round "3.39"]
[Board "4"]
[White "Dubois, Martine"]
[Black "Tsinjoviniavo, Aina Mahasambatra"]
[Result "0-1"]
[WhiteElo "1816"]
[BlackElo "1662"]
[PlyCount "84"]
[EventDate "2024.09.11"]
[WhiteTeam "Monaco"]
[BlackTeam "Madagascar"]
[WhiteTeamCountry "MNC"]
[BlackTeamCountry "MAD"]

1. e4 c5 2. c3 e6 3. Qe2 Nc6 4. g3 Nge7 5. Bg2 g6 ({RR} 5... d5 6. e5 b6 7. Na3 a6 8. f4 Bb7 9. Nf3 Qd7 10. O-O g6 11. Nc2 Bg7 12. Ne3 O-O-O 13. a4 Kb8 14. d4 c4 15. b3 cxb3 16. Qb2 Na5 17. Nd2 Rc8 18. Nxb3 Nc4 19. Qe2 a5 20. Nxc4 {1-0 Hajiyeva,L (2135)-Rzali,S (2063) ch-AZE Rapid Women 2022 (3.5)}) 6. d3 Bg7 7. Be3 d6 8. Qd2 $146 ({RR} 8. h4 b6 9. h5 Ba6 10. Qc2 Qd7 11. Na3 Rc8 12. Rd1 Ne5 13. Nf3 N7c6 14. Nxe5 Nxe5 15. O-O O-O 16. Rfe1 Ng4 17. Bc1 Bb7 18. Qe2 Nf6 19. hxg6 hxg6 20. Bg5 b5 21. Nc2 Nh7 22. Bc1 Qe7 {½-½ De la Riva Aguado,J (2285)-Yepes Martinez,E (2290) Foment Martinenc op 1994}) 8... Ne5 9. Na3 Ng4 10. Bg5 h6 11. Bxe7 Qxe7 12. f4 O-O 13. h3 Nf6 14. Ne2 Rb8 15. O-O e5 16. Nc4 b5 17. Ne3 h5 18. Nd5 Nxd5 19. exd5 exf4 20. Nxf4 b4 21. Rae1 bxc3 22. bxc3 Qg5 23. Re3 h4 24. Kh2 hxg3+ 25. Rxg3 Qe5 26. d4 cxd4 27. c4 Ba6 28. Re1 Qf6 29. Rf3 Bh6 30. Re4 Bxc4 31. Qc2 Rfc8 32. Nxg6 d3 33. Qa4 Qxg6 34. Rg3 Bg5 35. Reg4 f6 36. h4 Qh7 37. Bh3 Rb2+ 38. Rg2 Rxg2+ 39. Bxg2 Kf8 40. Be4 f5 41. Bxd3 Bxd3 42. Rxg5 Rc4 0-1

[Event "Olympiad Women 2024"]
[Site "Budapest HUN"]
[Date "2024.09.13"]
[Round "3.40"]
[Board "1"]
[White "Arakhamia-Grant, Ketevan"]
[Black "Lopez L., Dairyn D."]
[Result "1-0"]
[WhiteElo "2263"]
[BlackElo "1740"]
[PlyCount "87"]
[EventDate "2024.09.11"]
[WhiteTeam "Scotland"]
[BlackTeam "Guatemala"]
[WhiteTeamCountry "SCO"]
[BlackTeamCountry "GUA"]

1. e4 d6 2. d4 g6 3. Nc3 Bg7 4. Be3 a6 5. Qd2 b5 6. f3 b4 ({RR} 6... Bb7 7. a4 c6 8. Nh3 Nd7 9. Be2 Ngf6 10. g4 e5 11. Rd1 b4 12. Na2 a5 13. dxe5 dxe5 14. Nc1 Qc7 15. Nb3 Bf8 16. Bc4 Ba6 17. Bxa6 Rxa6 18. Qd3 Ra8 19. Rf1 Be7 20. Ke2 Nf8 21. g5 {0-1 Vallejo Pons,F (2554)-Vassallo Barroche,M (2431) Mallorca op 2000 (3)}) 7. Nd1 a5 ({RR} 7... Nc6 8. Bc4 Nf6 9. Bb3 O-O 10. Ne2 a5 11. O-O a4 12. Bd5 Nxd5 13. exd5 Na5 14. Qxb4 Ba6 15. Re1 Nc4 16. b3 Rb8 17. Qc3 Nb6 18. Qd2 Nxd5 19. Bh6 Bxh6 20. Qxh6 Bxe2 21. Rxe2 e6 22. Re4 {0-1 Medal Paves,J (1992)-Balaji,A (2355) 6th San Cristobal Open 2024 (1.22)}) 8. a3 Ba6 $146 ({RR} 8... bxa3 9. Rxa3 c6 10. Bc4 d5 11. Bb3 e6 12. Ne2 Nd7 13. Nf2 Ne7 14. O-O h5 15. Rfa1 O-O 16. Rxa5 Rb8 17. Ra8 Qb6 18. Rxb8 Nxb8 19. Bh6 Bxh6 20. Qxh6 Ba6 21. Nc3 Qxd4 22. Ra4 Qb6 23. Ra1 {0-1 Postupa,P (2073)-Tesar,J (2105) Pardubice op-E 2005 (5)}) 9. axb4 Bxf1 10. Kxf1 a4 11. Ne2 Nd7 12. Kf2 e6 13. Ndc3 Nb6 14. Qd3 d5 15. Qb5+ Qd7 16. Qxd7+ Kxd7 17. Nf4 Ne7 18. Nd3 Nc6 19. e5 Rhb8 20. b5 Na5 21. Nc5+ Kc8 22. N5xa4 Nxa4 23. Rxa4 Nc4 24. Rha1 Rxa4 25. Nxa4 Rxb5 26. b3 Nb6 27. Nc5 Bf8 28. Nd3 Nd7 29. Ke2 Kb8 30. g4 Rb6 31. f4 Rc6 32. Kd2 Rb6 33. Rf1 h6 34. f5 exf5 35. gxf5 g5 36. h4 gxh4 37. Rh1 Kb7 38. Rxh4 Ra6 39. f6 Ra5 40. Bxh6 Ba3 41. Be3 Bf8 42. Rh7 Ra1 43. Rxf7 Ba3 44. Rxd7 1-0